000 01204nam a22003497a 4500
003 CHAP
005 20220329134523.0
008 971013s1967 r 00010 d
010 _a21547
011 _a22519
035 _a26614
040 _cCHAP
090 _aFolleto 4827y
100 0 0 _aBotts, Ralph R.
_914721
245 1 _aProteja su granja contra incendios
260 _aMéxico, D. F. :
_bCentro AR Centro regional de Ayuda Técnica,
_c(1967)
300 _a15 p.
_b: ilus.
490 _aE.U.A. Farmer's bulletin
_v; 2150
590 _aBATCH-UPD
_b10
_c20130110
_lUCH01
_h0310
590 _aBATCH-UPD
_b10
_c20130110
_lUCH01
_h2053
590 _aBATCH-UPD
_b10
_c20130409
_lUCH01
_h2342
590 _aBATCH-UPD
_b10
_c20130914
_lUCH01
_h1225
590 _aCONVERSION
_b10
_c20130109
_lUCH01
_h1313
650 1 4 _aIncendios
_xPrevención.
_957524
830 0 _aE.U.A. Farmer's bulletin
_v; 2150
_934925
901 _aBK
942 _cFOLL
949 _aFolleto 4827y
_bBC
_cFOLL
_d-61278
_eTS1
_i26614
_si
949 _aFolleto 4827y
_bBC
_cFOLL
_d-61279
_eTS2
_fc.2
_i26614
_si
949 _aFolleto 4827y
_bBC
_cFOLL
_d-61280
_eTS2
_fc.3
_i26614
_si
949 _aFolleto 4827y
_bBC
_cFOLL
_d-61281
_eTS2
_fc.4
_i26614
_si
999 _c21547
_d21547